MARC

LEADER 00000nam0a2200000 4500
001 321458
005 20231102003358.0
035 |a (RuTPU)RU\TPU\book\347013 
090 |a 321458 
100 |a 20160825d1975 km y0rusy50 ca 
101 1 |a rus  |c eng 
102 |a RU 
105 |a a z 001zy 
200 1 |a Мономолекулярные реакции  |e пер. с англ.  |f П. Робинсон, Холбрук 
210 |a Москва  |c Мир  |d 1975 
215 |a 380 с.  |c ил. 
320 |a Библиография в конце глав 
320 |a Предметный указатель: с. 373-375 
606 1 |a Химические реакции в газовой фазе  |2 stltpush  |3 (RuTPU)RU\TPU\subj\70724  |9 84929 
606 1 |a Химические реакции, мономолекулярные  |2 stltpush  |3 (RuTPU)RU\TPU\subj\17279  |9 43016 
610 1 |a газовые реакции 
610 1 |a теория Слэтера 
610 1 |a теории Райса-Рамспергера-Касселя 
610 1 |a теория РРК 
610 1 |a теория РРКМ 
610 1 |a колебательные состояния 
610 1 |a вращательные состояния 
610 1 |a математические методы 
610 1 |a термические реакции 
610 1 |a химическая активация 
610 1 |a статистическая механика 
610 1 |a ЭВМ 
610 1 |a информационные технологии 
610 1 |a библиотека А. Г. Стромберга 
675 |a 544.41-13  |v 4 
675 |a 544.43  |v 4 
700 1 |a Робинсон  |b П. 
701 1 |a Холбрук  |g К. 
801 1 |a RU  |b 63413507  |c 20160825 
801 2 |a RU  |b 63413507  |c 20171108  |g RCR 
942 |c BK